Polskie lasy i kompleksy leśne - Statystyki

Ogólne statystyki
  • Ten quiz został rozwiązany 22 razy
  • Średni wynik to 6 z 21
Odpowiedzi na mapie
Odpowiedzi zakodowano w zielono-czerwonej skali na mapie do tego quizu, zgodnie z poniższymi procentami.
 
Statystyki odpowiedzi
Odpowiedź Powieszchnia(km2) % Poprawnych
Bory Tucholskie 3000
88%
Puszcza Białowieska 3086(pl)
88%
Puszcza Augustowska 1140(pl)
47%
Puszcza Świętokrzyska 768
41%
Puszcza Knyszyńska 1050
35%
Puszcza Notecka 1370
35%
Puszcza Kampinowska 270
29%
Puszcza Piska 1000
29%
Puszcza Sandomierska 1100
29%
Puszcza Niepołomicka 110
24%
Puszcza Karpacka 3130
24%
Puszcza Biała 850
18%
Puszcza Drawska 622
18%
Puszcza Goleniowska 630
18%
Puszcza Sudecka 2390
12%
Puszcza Lubuska 1010
6%
Puszcza Nidzicka 1173
6%
Puszcza Pilicka 520
6%
Puszcza Romincka 155
6%
Bory Strobawskie 420
0%
Lasy Parczewskie 136
0%
Nie znaleziono quizów pasujących do podanych kryteriów
Rozkład punktacji
Procent ludzi z każdym wynikiem
Percentyl według liczby udzielonych odpowiedzi
Twoja historia wyników
Nie rozwiązałeś tego quizu